Statistiques concernant Traduction Allemand: Trotzdem dazugehören

Cliquez ici pour prendre le quiz!

Statistiques générales

  • Ce quiz a été pris 6 fois
  • Le résultat moyen est 2 sur 29

Statistiques - réponses

DeutschFrancais% Correct
avoir l'aireaus/sehen
80%
la provenancedie Herkunft
40%
grandir àin auf/wachsen
40%
l'inconvénientder Nachteil
20%
l'avantageder Vorteil
20%
la couleur de peaudie Hautfarbe
20%
d'autre habitudesandere Gewohnheiten
0%
venir d'un autre paysaus einem anderen Land stammen/kommen
0%
xénophobeausländerfeindlich
0%
xénophileausländerfreundlich
0%
extraordinaireaußergewöhnlich
0%
le pays étrangerda Ausland
0%
l'apparencedas Aussehen
0%
la particularitédas Besondere
0%
le pays nataldas Geburtsland
0%
le rejetdie Ablehnung
0%
la discriminationdie Diskriminierung
0%
la diversitédie Fielfalt
0%
être issu de l'immigrationeinen Migrationshintergrund haben
0%
cela (ne) me plait (pas)es gefällt mir (nicht)
0%
cela (ne) me dérange (pas), si...es stört mich (nicht), wenn...
0%
considérer qqc comme un cliché/préjugéetw als ein Klishee/Voruteil betrachten
0%
trouver qqc positifEtw positiv finden
0%
(ne pas) montrer de compréhension pour qcfür etw (kein) Verständnis haben
0%
prendre parti pour qcfür etw Partei ergreifen
0%
rejeter qnjn ab/lehnen
0%
discriminer qnjn diskriminieren
0%
exprimer son opinionseine eigene Meinung aus/drücken/äußern/vertreten
0%
se moquer de qnsich über jn lustig machen
0%

Distribution des résultats

Percentile par nombre de réponses

% des personnes avec chaque résultat

Votre développement - résultats

Vous n’avez pas pris ce quiz